| 000 | 00338nam a2200121Ia 4500 | ||
|---|---|---|---|
| 008 | 190415s9999 xx 000 0 und d | ||
| 082 | _aRF.0003 | ||
| 100 | _aIndia. Ministry of Education a | ||
| 245 | 0 | _aFarmers Functional Literacy Project : A review of fourth plan and progress in 19 | |
| 260 | _c1974 | ||
| 300 | _a137p. | ||
| 942 | _cBK | ||
| 999 |
_c14087 _d14087 |
||